Normal view
MARC view
- TOOL DESIGN. MACHINE TOOL
Entry Topical Term
001 - CONTROL NUMBER
- control field: 79467
003 - CONTROL NUMBER IDENTIFIER
- control field: NUST
005 - DATE AND TIME OF LATEST TRANSACTION
- control field: 20210628210449.0
008 - FIXED-LENGTH DATA ELEMENTS
- fixed length control field: 210628|| aca||aabn | a|a d
040 ## - CATALOGING SOURCE
- Original cataloging agency: NUST
- Transcribing agency: NUST
150 ## - HEADING--TOPICAL TERM
- Topical term or geographic name entry element: TOOL DESIGN. MACHINE TOOL
670 ## - SOURCE DATA FOUND
- Source citation: Work cat.: (NUST): ACHERKAN, N 79035, MACHINE TOOL DESIGN, 1965
